Nociones de historia de la literatura española, hispanoamericana y argentina; con antología /

Guardado en:
Autor Principal: Estrella Gutiérrez, Fermín
Formato: Libro
Publicado: Buenos Aires : Kapelusz, 1958
Edición:5a. ed.
Etiquetas: Agregar Etiqueta
Sin Etiquetas, Sea el primero en etiquetar este registro!
LEADER 00612nam a22001695a 4500
001 CEM.cems002340
005 20060216000000.0
008 130507s1958##################000#0#####d
003 CEMS
082 0 4 |a 860.9 
100 1 |a Estrella Gutiérrez, Fermín 
245 1 0 |a Nociones de historia de la literatura española, hispanoamericana y argentina; con antología /  |c Fermín Estrella Gutiérrez 
250 |a 5a. ed. 
260 |a Buenos Aires :  |b Kapelusz,  |c 1958 
300 |a 454 p.1 
859 |a CEMS  |b BIB. CEMS - 11 de abril  |h 860.9  |i Es81-1a5  |p 3576.75  |t Ej.1 
859 |a CEMS  |b BIB. CEMS - 11 de abril  |h 860.9  |i Es81-1a5  |p 3640.75  |t Ej.2